Marketing research : delivering customer insight

Saved in:
Bibliographic Details
Main Author Wilson, Alan, 1958- (Author)
Format Book
LanguageEnglish
Published London ; New York ; Oxford ; New Delhi ; Sydney : Bloomsbury Academic, 2026
Edition5th edition
Subjects
ISBN978-1-3504-4278-8
Physical Descriptionxxi, 425 stran : barevné ilustrace ; 25 cm

Cover

LEADER 00000nam a2200000 i 4500
001 115616
003 CZ ZlUTB
005 20260507092455.0
007 ta
008 260507s2026 xxka e p 001 0 eng d
020 |a 978-1-3504-4278-8  |q (brožováno) 
040 |a ZLD002  |b cze  |e rda 
044 |a xxk  |a xxu  |a ii  |a at 
072 7 |a 658  |x Řízení a správa podniku  |2 Konspekt  |9 4 
072 7 |a 37.016  |x Učební osnovy. Vyučovací předměty. Učebnice  |2 Konspekt  |9 22 
080 |a 658.8:005.52  |2 MRF 
080 |a 339.138  |2 MRF 
080 |a (075)  |2 MRF 
100 1 |a Wilson, Alan,  |d 1958-  |4 aut 
245 1 0 |a Marketing research :  |b delivering customer insight /  |c Alan Wilson 
250 |a 5th edition 
264 1 |a London ;  |a New York ;  |a Oxford ;  |a New Delhi ;  |a Sydney :  |b Bloomsbury Academic,  |c 2026 
300 |a xxi, 425 stran :  |b barevné ilustrace ;  |c 25 cm 
336 |a text  |b txt  |2 rdacontent 
337 |a bez média  |b n  |2 rdamedia 
338 |a svazek  |b nc  |2 rdacarrier 
500 |a Terminologický slovník 
504 |a Obsahuje bibliografické odkazy a rejstřík 
650 0 7 |a marketingový výzkum  |7 ph115230  |2 czenas 
650 0 7 |a marketing  |7 ph115227  |2 czenas 
650 0 9 |a marketing research  |2 eczenas 
650 0 9 |a marketing  |2 eczenas 
655 7 |a učebnice  |7 fd133770  |2 czenas 
655 9 |a textbooks  |2 eczenas 
910 |a ZLD002 
942 |2 udc 
952 |0 0  |1 0  |4 0  |5 0  |6 339138WILSONA  |7 -1  |8 BOOK  |9 191051  |a UTBZL  |b UTBZL  |c 005  |d 2026-05-07  |l 0  |o 339.138/WILSON,A.  |p 420010202059  |r 2026-05-07 09:25:49  |v 1000.00  |w 2026-05-07  |x N:nákup  |y 01 
992 |a BK  |b SKNEW 
999 |c 115616  |d 115616